[Event "CP-2019-S-00001"]
[Site "LSS email"]
[Date "2019.02.09"]
[Round "?"]
[White "Andreev, Vlad"]
[Black "Misericordia, Antonio"]
[Result "0-1"]
[WhiteElo "2234"]
[BlackElo "2367"]
[PlyCount "44"]
[EventDate "2019.02.15"]
[EventType "tourn (corr)"]
[EventRounds "7"]
[EventCountry "GER"]
[SourceTitle "Corr 2022"]
[Source "ChessBase"]
[SourceDate "2021.10.24"]
[SourceVersion "1"]
[SourceVersionDate "2021.10.24"]
[SourceQuality "1"]

1. d4 d5 2. c4 e6 3. Nc3 Nf6 4. cxd5 exd5 5. Bg5 c6 6. e3 Bd6 7. Bd3 h6 8. Bh4 0-0 9. Qc2 Re8 10. Nge2 a5 11. a3 Nbd7 12. h3 b6 13. Na4 Bb7 14. 0-0 b5 15. Nc5 Bxc5 16. dxc5 Qe7 17. b4 Ne5 18. Bh7+ Kf8 19. Ng3 Bc8 20. f4 axb4 21. fxe5 Qxe5 22. Qf2 Rxa3 0-1

[Event "CP-2019-S-00001"]
[Site "LSS email"]
[Date "2019.02.09"]
[Round "?"]
[White "Andreev, Vlad"]
[Black "Osipov, AleksNdr"]
[Result "0-1"]
[WhiteElo "2234"]
[BlackElo "2211"]
[PlyCount "22"]
[EventDate "2019.02.15"]
[EventType "tourn (corr)"]
[EventRounds "7"]
[EventCountry "GER"]
[SourceTitle "Corr 2022"]
[Source "ChessBase"]
[SourceDate "2021.10.24"]
[SourceVersion "1"]
[SourceVersionDate "2021.10.24"]
[SourceQuality "1"]

1. c4 e5 2. g3 Nf6 3. Bg2 c6 4. d4 exd4 5. Qxd4 Na6 6. Nc3 d5 7. Nf3 Bc5 8. Qe5+ Be6 9. cxd5 Bxf2+ 10. Kf1 cxd5 11. e3 Nc5 0-1

[Event "CP-2019-S-00001"]
[Site "LSS email"]
[Date "2019.02.09"]
[Round "?"]
[White "Pilgram, Kurt"]
[Black "Andreev, Vlad"]
[Result "1-0"]
[WhiteElo "2190"]
[BlackElo "2234"]
[PlyCount "47"]
[EventDate "2019.02.15"]
[EventType "tourn (corr)"]
[EventRounds "7"]
[EventCountry "GER"]
[SourceTitle "Corr 2022"]
[Source "ChessBase"]
[SourceDate "2021.10.24"]
[SourceVersion "1"]
[SourceVersionDate "2021.10.24"]
[SourceQuality "1"]

1. c4 Nf6 2. Nc3 e5 3. g3 Bb4 4. Bg2 0-0 5. Nf3 Nc6 6. Nd5 Bc5 7. d3 h6 8. a3 Nxd5 9. cxd5 Nd4 10. Nd2 a5 11. 0-0 d6 12. Re1 Nf5 13. e3 b5 14. b3 Ne7 15. Bb2 f5 16. d4 exd4 17. exd4 Bb6 18. f4 Bd7 19. a4 b4 20. Nc4 Kh7 21. Bf3 Ng8 22. Qd3 Qf6 23. Qc2 Rae8 24. Nxb6 1-0

[Event "CP-2017-Q-00007"]
[Site "LSS email"]
[Date "2017.11.19"]
[Round "?"]
[White "Andreev, Vlad"]
[Black "Zavrazhnov, Andrej"]
[Result "1-0"]
[WhiteElo "2217"]
[BlackElo "2271"]
[PlyCount "94"]
[EventDate "2017.11.25"]
[EventType "tourn (corr)"]
[EventRounds "6"]
[EventCountry "GER"]
[SourceTitle "Corr 2022"]
[Source "ChessBase"]
[SourceDate "2021.10.24"]
[SourceVersion "1"]
[SourceVersionDate "2021.10.24"]
[SourceQuality "1"]

1. d4 Nf6 2. Bg5 Ne4 3. Bf4 d5 4. e3 Bf5 5. f3 Nd6 6. Nc3 c6 7. g4 Bg6 8. h4 h5 9. g5 e6 10. Bd3 Bxd3 11. Qxd3 Qa5 12. Nge2 Nd7 13. Kf2 Rc8 14. g6 f6 15. e4 e5 16. Bg3 Qa6 17. f4 exd4 18. Nxd4 Nc5 19. Qxa6 Ndxe4+ 20. Nxe4 Nxe4+ 21. Kf3 bxa6 22. Rhd1 Kd7 23. c4 Nxg3 24. Kxg3 c5 25. Nf5 d4 26. Re1 Bd6 27. Kf3 a5 28. Re2 Rhg8 29. Rae1 Rcd8 30. b3 Kc7 31. Re6 Rd7 32. Re8 Rxe8 33. Rxe8 d3 34. Re1 Bf8 35. Ke3 a4 36. bxa4 Rd8 37. Kd2 Kd7 38. Re3 Rb8 39. Rxd3+ Ke6 40. Ng3 Rb4 41. Rd8 Ke7 42. Ra8 Rxc4 43. Rxa7+ Ke6 44. Rf7 Bd6 45. Nxh5 Bxf4+ 46. Nxf4+ Rxf4 47. h5 Rh4 1-0

[Event "CP-2017-Q-00007"]
[Site "LSS email"]
[Date "2017.11.19"]
[Round "?"]
[White "Baroin, Bernard"]
[Black "Andreev, Vlad"]
[Result "0-1"]
[WhiteElo "2186"]
[BlackElo "2217"]
[PlyCount "100"]
[EventDate "2017.11.25"]
[EventType "tourn (corr)"]
[EventRounds "6"]
[EventCountry "GER"]
[SourceTitle "Corr 2022"]
[Source "ChessBase"]
[SourceDate "2021.10.24"]
[SourceVersion "1"]
[SourceVersionDate "2021.10.24"]
[SourceQuality "1"]

1. e4 c6 2. d4 d5 3. e5 Bf5 4. Nf3 e6 5. Be2 Ne7 6. 0-0 h6 7. Nbd2 Nd7 8. Nb3 g5 9. Ne1 Qc7 10. Nd3 Ng6 11. Bd2 0-0-0 12. Ndc1 h5 13. Bxg5 f6 14. exf6 Bd6 15. h4 Rdg8 16. Nd3 Rf8 17. Ndc5 Nxf6 18. Qe1 Nh7 19. Bd3 Nxg5 20. hxg5 Kb8 21. Qe3 Nf4 22. Rae1 a5 23. Kh1 Rhg8 24. Bxf5 Rxf5 25. g3 Rfxg5 26. Nd2 Rg4 27. Nf3 Bxc5 28. dxc5 Ng2 29. Qxe6 Nxe1 30. Rxe1 Qg7 31. Qe5+ Qxe5 32. Rxe5 Re4 33. Kg2 Ra4 34. a3 h4 35. Re3 Rc4 36. c3 a4 37. Nd4 Rxc5 38. Re7 Rc4 39. Re1 hxg3 40. f3 c5 41. Nf5 Rf4 42. Ne3 Rgf8 43. Rf1 d4 44. cxd4 cxd4 45. Nc4 d3 46. Ne3 d2 47. Kxg3 b5 48. Nd1 b4 49. Ne3 Kb7 50. axb4 Rxb4 0-1

[Event "CP-2017-P-00045"]
[Site "LSS email"]
[Date "2017.09.27"]
[Round "?"]
[White "Andreev, Vlad"]
[Black "Kuehn, Kolja"]
[Result "1/2-1/2"]
[WhiteElo "2217"]
[BlackElo "2317"]
[PlyCount "33"]
[EventDate "2017.10.01"]
[EventType "tourn (corr)"]
[EventRounds "6"]
[EventCountry "GER"]
[SourceTitle "Corr 2022"]
[Source "ChessBase"]
[SourceDate "2021.10.24"]
[SourceVersion "1"]
[SourceVersionDate "2021.10.24"]
[SourceQuality "1"]

1. d4 Nf6 2. c4 e6 3. Nc3 Bb4 4. f3 0-0 5. a3 Bxc3+ 6. bxc3 d6 7. e4 Nh5 8. Nh3 e5 9. Nf2 Nc6 10. Be2 Nf4 11. Bxf4 exf4 12. Qd2 Qh4 13. g3 fxg3 14. hxg3 Qxg3 15. 0-0-0 Qxf2 16. Rdg1 Re8 17. Rxg7+ 1/2-1/2

[Event "CP-2017-P-00045"]
[Site "LSS email"]
[Date "2017.09.27"]
[Round "?"]
[White "Andreev, Vlad"]
[Black "Nicolaescu, Nicolae"]
[Result "1/2-1/2"]
[WhiteElo "2217"]
[BlackElo "1708"]
[PlyCount "57"]
[EventDate "2017.10.01"]
[EventType "tourn (corr)"]
[EventRounds "6"]
[EventCountry "GER"]
[SourceTitle "Corr 2022"]
[Source "ChessBase"]
[SourceDate "2021.10.24"]
[SourceVersion "1"]
[SourceVersionDate "2021.10.24"]
[SourceQuality "1"]

1. d4 Nf6 2. c4 g6 3. Nc3 Bg7 4. e4 d6 5. Nf3 0-0 6. h3 e5 7. d5 Nh5 8. g3 Na6 9. Be3 f5 10. exf5 gxf5 11. Ng5 Nf6 12. Qd2 Qe7 13. Be2 Bd7 14. 0-0-0 Nc5 15. g4 h6 16. Ne6 Nxe6 17. dxe6 Bxe6 18. gxf5 Bxf5 19. Bxh6 Bxh6 20. Qxh6 Qh7 21. Qe3 Kh8 22. Rhg1 Qh4 23. c5 Rad8 24. b3 Bh7 25. cxd6 cxd6 26. Bd3 b6 27. Bxh7 Nxh7 28. Kb2 Qxf2+ 29. Qd2 1/2-1/2

[Event "CP-2017-P-00045"]
[Site "LSS email"]
[Date "2017.09.27"]
[Round "?"]
[White "Andreev, Vlad"]
[Black "Salzmann, Stefan"]
[Result "1/2-1/2"]
[WhiteElo "2217"]
[BlackElo "2237"]
[PlyCount "27"]
[EventDate "2017.10.01"]
[EventType "tourn (corr)"]
[EventRounds "6"]
[EventCountry "GER"]
[SourceTitle "Corr 2022"]
[Source "ChessBase"]
[SourceDate "2021.10.24"]
[SourceVersion "1"]
[SourceVersionDate "2021.10.24"]
[SourceQuality "1"]

1. d4 Nf6 2. c4 e6 3. Nc3 Bb4 4. f3 d5 5. a3 Bxc3+ 6. bxc3 c5 7. cxd5 Nxd5 8. dxc5 f5 9. Qc2 Nd7 10. e4 fxe4 11. fxe4 N5f6 12. c6 bxc6 13. Nf3 Ng4 14. Be2 1/2-1/2

[Event "SA-2016-0-00556"]
[Site "LSS email"]
[Date "2016.12.19"]
[Round "?"]
[White "Andreev, Vlad"]
[Black "Susla, Vitaliy"]
[Result "1/2-1/2"]
[WhiteElo "2167"]
[BlackElo "2343"]
[PlyCount "51"]
[EventDate "2016.11.27"]
[EventType "tourn (corr)"]
[EventRounds "6"]
[EventCountry "GER"]
[SourceTitle "Corr 2022"]
[Source "ChessBase"]
[SourceDate "2021.10.24"]
[SourceVersion "1"]
[SourceVersionDate "2021.10.24"]
[SourceQuality "1"]

1. d4 d5 2. c4 c6 3. Nf3 Nf6 4. e3 a6 5. c5 b6 6. cxb6 Qxb6 7. Nc3 e6 8. Na4 Qc7 9. Bd2 Bd6 10. Ne5 a5 11. f4 Ba6 12. Bxa6 Rxa6 13. 0-0 0-0 14. Qe2 Qb7 15. Be1 Ne4 16. Nc3 Nxc3 17. Bxc3 a4 18. e4 Qb5 19. Rae1 Ra7 20. f5 Qxe2 21. Rxe2 Bxe5 22. dxe5 Nd7 23. exd5 cxd5 24. Bb4 Rc8 25. h3 Rb7 26. Bd6 1/2-1/2

[Event "SA-2016-0-00556"]
[Site "LSS email"]
[Date "2016.12.19"]
[Round "?"]
[White "Ress, Jacques"]
[Black "Andreev, Vlad"]
[Result "0-1"]
[WhiteElo "2261"]
[BlackElo "2167"]
[PlyCount "26"]
[EventDate "2016.11.27"]
[EventType "tourn (corr)"]
[EventRounds "6"]
[EventCountry "GER"]
[SourceTitle "Corr 2022"]
[Source "ChessBase"]
[SourceDate "2021.10.24"]
[SourceVersion "1"]
[SourceVersionDate "2021.10.24"]
[SourceQuality "1"]

1. e4 c6 2. d4 d5 3. e5 Bf5 4. Nf3 e6 5. Be2 Ne7 6. c3 h6 7. 0-0 Nd7 8. a4 a6 9. Nbd2 c5 10. dxc5 Nxc5 11. Nd4 Bh7 12. N2b3 Nc6 13. f4 Be7 0-1

[Event "SA-2016-0-00554"]
[Site "LSS email"]
[Date "2016.12.12"]
[Round "?"]
[White "Pilgram, Kurt"]
[Black "Andreev, Vlad"]
[Result "0-1"]
[WhiteElo "2031"]
[BlackElo "2167"]
[PlyCount "86"]
[EventDate "2016.11.22"]
[EventType "tourn (corr)"]
[EventRounds "6"]
[EventCountry "GER"]
[SourceTitle "Corr 2022"]
[Source "ChessBase"]
[SourceDate "2021.10.24"]
[SourceVersion "1"]
[SourceVersionDate "2021.10.24"]
[SourceQuality "1"]

1. d4 d5 2. c4 e6 3. Nf3 Nf6 4. Nc3 Bb4 5. Qa4+ Nc6 6. a3 Bxc3+ 7. bxc3 Ne4 8. Qc2 Na5 9. e3 0-0 10. Bd3 b6 11. Nd2 Nxd2 12. Bxd2 Ba6 13. Bxh7+ Kh8 14. Bd3 Bxc4 15. 0-0 Qd6 16. f3 Nb3 17. Rae1 Bxd3 18. Qxd3 Qxa3 19. e4 Nxd2 20. Qxd2 a5 21. exd5 exd5 22. Re5 Qd6 23. Rh5+ Kg8 24. Qd3 g6 25. Rg5 Rae8 26. f4 Re4 27. Qf3 a4 28. f5 Qf6 29. Qg3 a3 30. Ra1 Rfe8 31. fxg6 Re3 32. gxf7+ Kxf7 33. Qh4 R8e4 34. Qh5+ Ke7 35. Re5+ Rxe5 36. dxe5 Rxe5 37. Qg4 Qh6 38. Qg3 Qe3+ 39. Qxe3 Rxe3 40. Rxa3 d4 41. Kf2 Rxc3 42. Ra7 Kf6 43. h4 Kf5 0-1

[Event "SA-2016-0-00554"]
[Site "LSS email"]
[Date "2016.12.12"]
[Round "?"]
[White "Ramponelli, Roberto"]
[Black "Andreev, Vlad"]
[Result "1/2-1/2"]
[WhiteElo "2175"]
[BlackElo "2167"]
[PlyCount "67"]
[EventDate "2016.11.22"]
[EventType "tourn (corr)"]
[EventRounds "6"]
[EventCountry "GER"]
[SourceTitle "Corr 2022"]
[Source "ChessBase"]
[SourceDate "2021.10.24"]
[SourceVersion "1"]
[SourceVersionDate "2021.10.24"]
[SourceQuality "1"]

1. c4 Nf6 2. Nc3 g6 3. e4 d6 4. d4 Bg7 5. Nf3 0-0 6. Be2 e5 7. d5 a5 8. Bg5 h6 9. Bh4 Na6 10. 0-0 Qe8 11. Nd2 Nh7 12. a3 h5 13. f3 Bd7 14. b3 Bh6 15. Rb1 Be3+ 16. Kh1 Bc5 17. Qc1 f5 18. exf5 gxf5 19. f4 e4 20. Na2 Bd4 21. Qd1 Bf6 22. Bf2 Qe7 23. Bxh5 Nc5 24. Nc1 Bh8 25. Re1 Nf6 26. b4 axb4 27. axb4 Na4 28. Rb3 Nc3 29. Rxc3 Nxh5 30. Rh3 Nxf4 31. Rg3+ Kf7 32. Be3 Qh4 33. Bxf4 Qxf4 34. Qh5+ 1/2-1/2

[Event "RA-2016-0-00482"]
[Site "LSS email"]
[Date "2016.11.08"]
[Round "?"]
[White "Andreev, Vlad"]
[Black "Schroeder, Christoph"]
[Result "1/2-1/2"]
[WhiteElo "2164"]
[BlackElo "2295"]
[PlyCount "44"]
[EventDate "2016.10.24"]
[EventType "tourn (corr)"]
[EventRounds "6"]
[EventCountry "GER"]
[SourceTitle "Corr 2022"]
[Source "ChessBase"]
[SourceDate "2021.10.24"]
[SourceVersion "1"]
[SourceVersionDate "2021.10.24"]
[SourceQuality "1"]

1. d4 Nf6 2. Nf3 d5 3. c4 e6 4. Nc3 Be7 5. Bf4 0-0 6. e3 b6 7. Bd3 c5 8. 0-0 Nc6 9. cxd5 Nxd5 10. Nxd5 exd5 11. b3 Be6 12. Rc1 Nb4 13. Bb1 Rc8 14. Qe2 Nc6 15. dxc5 bxc5 16. h3 c4 17. Nd2 Ba3 18. Rcd1 cxb3 19. Nxb3 Qe7 20. Bd3 Nb4 21. Nd4 Nxd3 22. Qxd3 Bc5 1/2-1/2

[Event "RA-2016-0-00482"]
[Site "LSS email"]
[Date "2016.11.08"]
[Round "?"]
[White "Rheinstaedtler, Klaus"]
[Black "Andreev, Vlad"]
[Result "1/2-1/2"]
[WhiteElo "2175"]
[BlackElo "2164"]
[PlyCount "34"]
[EventDate "2016.10.24"]
[EventType "tourn (corr)"]
[EventRounds "6"]
[EventCountry "GER"]
[SourceTitle "Corr 2022"]
[Source "ChessBase"]
[SourceDate "2021.10.24"]
[SourceVersion "1"]
[SourceVersionDate "2021.10.24"]
[SourceQuality "1"]

1. d4 d5 2. c4 c6 3. Nf3 e6 4. Nc3 dxc4 5. Bg5 Be7 6. Bxe7 Nxe7 7. a4 Nd5 8. a5 c5 9. e4 Nb4 10. dxc5 N8a6 11. Bxc4 Qxd1+ 12. Rxd1 Nxc5 13. 0-0 Ke7 14. Nb5 Bd7 15. Nd6 Ba4 16. b3 Bc6 17. e5 Bxf3 1/2-1/2

[Event "RA-2016-0-00482"]
[Site "LSS email"]
[Date "2016.11.07"]
[Round "?"]
[White "Misericordia, Antonio"]
[Black "Andreev, Vlad"]
[Result "1/2-1/2"]
[WhiteElo "2309"]
[BlackElo "2164"]
[PlyCount "72"]
[EventDate "2016.10.24"]
[EventType "tourn (corr)"]
[EventRounds "6"]
[EventCountry "GER"]
[SourceTitle "Corr 2022"]
[Source "ChessBase"]
[SourceDate "2021.10.24"]
[SourceVersion "1"]
[SourceVersionDate "2021.10.24"]
[SourceQuality "1"]

1. b3 e5 2. Bb2 Nc6 3. e3 Nf6 4. Nf3 e4 5. Nd4 Nxd4 6. Bxd4 Be7 7. c4 0-0 8. Qc2 Re8 9. Nc3 c5 10. Be5 d6 11. Bg3 d5 12. Nb5 Bf5 13. Nc7 d4 14. Qd1 g6 15. h3 h5 16. Nxe8 Qxe8 17. Rb1 d3 18. Bh4 Nd7 19. Bxe7 Qxe7 20. g3 Ne5 21. Bg2 Re8 22. a3 b6 23. Rc1 Qe6 24. a4 a5 25. Rc3 h4 26. g4 Nxg4 27. hxg4 Bxg4 28. f3 h3 29. fxg4 hxg2 30. Rg1 Qf6 31. Rxg2 Qh4+ 32. Kf1 Qh1+ 33. Rg1 Qh2 34. Rg2 Qh1+ 35. Rg1 Qh2 36. Rg2 Qh1+ 1/2-1/2

[Event "OP-2016-0-04179"]
[Site "LSS email"]
[Date "2016.10.10"]
[Round "?"]
[White "Andreev, Vlad"]
[Black "Cvak, Rudolf"]
[Result "1/2-1/2"]
[WhiteElo "2161"]
[BlackElo "2207"]
[PlyCount "38"]
[EventDate "2016.10.03"]
[EventType "tourn (corr)"]
[EventRounds "4"]
[EventCountry "GER"]
[SourceTitle "Corr 2022"]
[Source "ChessBase"]
[SourceDate "2021.10.24"]
[SourceVersion "1"]
[SourceVersionDate "2021.10.24"]
[SourceQuality "1"]

1. d4 e6 2. c4 d5 3. Nc3 c6 4. e3 Nf6 5. Nf3 Nbd7 6. Qc2 Bd6 7. g4 Nxg4 8. Rg1 Nxh2 9. Nxh2 Bxh2 10. Rxg7 Nf8 11. Rg2 Bd6 12. e4 Ng6 13. Bg5 Be7 14. Bxe7 Qxe7 15. 0-0-0 dxe4 16. Nxe4 f5 17. Nd2 c5 18. dxc5 Bd7 19. b4 0-0-0 1/2-1/2

[Event "CP-2016-P-00051"]
[Site "LSS email"]
[Date "2016.09.27"]
[Round "?"]
[White "Andreev, Vlad"]
[Black "Pech, Jaroslav Sr"]
[Result "1-0"]
[WhiteElo "2161"]
[BlackElo "1729"]
[PlyCount "57"]
[EventDate "2016.10.01"]
[EventType "tourn (corr)"]
[EventRounds "6"]
[EventCountry "GER"]
[SourceTitle "Corr 2022"]
[Source "ChessBase"]
[SourceDate "2021.10.24"]
[SourceVersion "1"]
[SourceVersionDate "2021.10.24"]
[SourceQuality "1"]

1. d4 d5 2. c4 c6 3. Nc3 Nf6 4. e3 e6 5. Nf3 Nbd7 6. Qc2 Bd6 7. g4 dxc4 8. Bxc4 e5 9. g5 Nd5 10. Bd2 exd4 11. Qe4+ Ne7 12. Qxd4 Nf5 13. Qe4+ Ne7 14. Qc2 Nb6 15. Be2 Bf5 16. Ne4 Bc7 17. 0-0-0 Qd5 18. Nc3 Bxc2 19. Nxd5 Nexd5 20. Kxc2 0-0-0 21. a3 a6 22. h4 Na4 23. b4 Rhe8 24. h5 b5 25. Nd4 Kb7 26. Bf3 Nab6 27. e4 Nf4 28. Nb3 Nc4 29. Nc5+ 1-0

[Event "SA-2016-0-00539"]
[Site "LSS email"]
[Date "2016.09.23"]
[Round "?"]
[White "Andreev, Vlad"]
[Black "Kolanek, Roman"]
[Result "1/2-1/2"]
[WhiteElo "2060"]
[BlackElo "2140"]
[PlyCount "41"]
[EventDate "2016.08.30"]
[EventType "tourn (corr)"]
[EventRounds "6"]
[EventCountry "GER"]
[SourceTitle "Corr 2022"]
[Source "ChessBase"]
[SourceDate "2021.10.24"]
[SourceVersion "1"]
[SourceVersionDate "2021.10.24"]
[SourceQuality "1"]

1. d4 Nf6 2. c4 e6 3. Nc3 Bb4 4. g3 d5 5. Nf3 0-0 6. Bg2 dxc4 7. 0-0 Nc6 8. a3 Be7 9. Qa4 Nxd4 10. Rd1 Nxf3+ 11. Bxf3 Qe8 12. Qxc4 c6 13. Bf4 Nd5 14. Ne4 Nxf4 15. gxf4 f5 16. Nd6 Bxd6 17. Rxd6 Qe7 18. Rad1 a5 19. Qd4 e5 20. fxe5 Be6 21. Kh1 1/2-1/2

[Event "SA-2016-0-00539"]
[Site "LSS email"]
[Date "2016.09.23"]
[Round "?"]
[White "Bujdak, Pavel"]
[Black "Andreev, Vlad"]
[Result "0-1"]
[WhiteElo "2103"]
[BlackElo "2060"]
[PlyCount "70"]
[EventDate "2016.08.30"]
[EventType "tourn (corr)"]
[EventRounds "6"]
[EventCountry "GER"]
[SourceTitle "Corr 2022"]
[Source "ChessBase"]
[SourceDate "2021.10.24"]
[SourceVersion "1"]
[SourceVersionDate "2021.10.24"]
[SourceQuality "1"]

1. e4 c6 2. d4 d5 3. e5 Bf5 4. Nf3 e6 5. Be2 Ne7 6. 0-0 h6 7. Nbd2 Nd7 8. Nb3 g5 9. Ne1 Qc7 10. Nd3 Ng6 11. Bd2 0-0-0 12. a4 f6 13. exf6 Nxf6 14. g3 Re8 15. Rc1 g4 16. a5 h5 17. a6 h4 18. axb7+ Kxb7 19. Ndc5+ Ka8 20. Ba6 Rb8 21. Bd3 hxg3 22. fxg3 Bd6 23. Qe2 Bxg3 24. hxg3 Rh3 25. Ra1 Rbh8 26. Qg2 Qh7 27. Kf2 Bxd3 28. cxd3 Rh2 29. Rh1 Rxg2+ 30. Kxg2 Nh5 31. Raf1 Qc7 32. Be1 Qb8 33. Nd2 Qxb2 34. Nxe6 Qc2 35. Nc5 Qd1 0-1

[Event "RA-2016-0-00468"]
[Site "LSS email"]
[Date "2016.09.09"]
[Round "?"]
[White "Andreev, Vlad"]
[Black "Salzmann, Stefan"]
[Result "1/2-1/2"]
[WhiteElo "2060"]
[BlackElo "2240"]
[PlyCount "35"]
[EventDate "2016.08.22"]
[EventType "tourn (corr)"]
[EventRounds "6"]
[EventCountry "GER"]
[SourceTitle "Corr 2022"]
[Source "ChessBase"]
[SourceDate "2021.10.24"]
[SourceVersion "1"]
[SourceVersionDate "2021.10.24"]
[SourceQuality "1"]

1. d4 Nf6 2. c4 e6 3. g3 Bb4+ 4. Bd2 Be7 5. Bg2 d5 6. Nf3 0-0 7. Qc2 c6 8. 0-0 Nbd7 9. Bf4 b6 10. Nbd2 Nh5 11. Be3 Bb7 12. cxd5 cxd5 13. Rfc1 Nhf6 14. Bf4 Rc8 15. Qd1 h6 16. h4 Rxc1 17. Rxc1 Qa8 18. e3 1/2-1/2

[Event "OP-2016-0-04150"]
[Site "LSS email"]
[Date "2016.09.06"]
[Round "?"]
[White "Andreev, Vlad"]
[Black "Kerekgyarto, Ferenc"]
[Result "1-0"]
[WhiteElo "2060"]
[BlackElo "1371"]
[PlyCount "21"]
[EventDate "2016.09.02"]
[EventType "tourn (corr)"]
[EventRounds "4"]
[EventCountry "GER"]
[SourceTitle "Corr 2022"]
[Source "ChessBase"]
[SourceDate "2021.10.24"]
[SourceVersion "1"]
[SourceVersionDate "2021.10.24"]
[SourceQuality "1"]

1. e4 e5 2. Nf3 d6 3. d4 Be7 4. dxe5 Bg4 5. Bb5+ c6 6. Bc4 b5 7. Bb3 dxe5 8. Bxf7+ Kxf7 9. Nxe5+ Ke8 10. Qxg4 Bf6 11. Qe6+ 1-0

[Event "OP-2016-0-04150"]
[Site "LSS email"]
[Date "2016.09.06"]
[Round "?"]
[White "Perez Garcia, Miguel"]
[Black "Andreev, Vlad"]
[Result "1/2-1/2"]
[WhiteElo "1559"]
[BlackElo "2060"]
[PlyCount "61"]
[EventDate "2016.09.02"]
[EventType "tourn (corr)"]
[EventRounds "4"]
[EventCountry "GER"]
[SourceTitle "Corr 2022"]
[Source "ChessBase"]
[SourceDate "2021.10.24"]
[SourceVersion "1"]
[SourceVersionDate "2021.10.24"]
[SourceQuality "1"]

1. c4 e5 2. Nc3 Nf6 3. Nf3 Nc6 4. g3 d5 5. cxd5 Nxd5 6. Bg2 Nb6 7. 0-0 Be7 8. d3 Be6 9. Be3 f5 10. Qc1 h6 11. Nd2 Qd7 12. Nb3 0-0-0 13. Nc5 Bxc5 14. Bxc5 Kb8 15. f4 Nd5 16. fxe5 Rhe8 17. a4 g5 18. Nxd5 Bxd5 19. e4 fxe4 20. dxe4 Bf7 21. Rd1 Qe6 22. Qc3 Rxd1+ 23. Rxd1 b6 24. Be3 Nxe5 25. Bd4 a5 26. Bxe5 Qxe5 27. Rd8+ Kb7 28. Rxe8 Qxe8 29. Qf6 Qe6 30. e5+ c6 31. Qg7 1/2-1/2

[Event "OP-2016-0-04150"]
[Site "LSS email"]
[Date "2016.09.05"]
[Round "?"]
[White "Shim Ng Min, Francis"]
[Black "Andreev, Vlad"]
[Result "0-1"]
[WhiteElo "1224"]
[BlackElo "2060"]
[PlyCount "46"]
[EventDate "2016.09.02"]
[EventType "tourn (corr)"]
[EventRounds "4"]
[EventCountry "GER"]
[SourceTitle "Corr 2022"]
[Source "ChessBase"]
[SourceDate "2021.10.24"]
[SourceVersion "1"]
[SourceVersionDate "2021.10.24"]
[SourceQuality "1"]

1. e4 c5 2. Nf3 d6 3. d4 cxd4 4. Nxd4 Nf6 5. Nc3 g6 6. f4 Nc6 7. Nxc6 bxc6 8. e5 Nd7 9. exd6 exd6 10. Be3 Be7 11. Qf3 d5 12. 0-0-0 0-0 13. g4 Bf6 14. Bd4 Bxd4 15. Rxd4 Rb8 16. b3 c5 17. Rd2 d4 18. Ne4 Bb7 19. Bd3 Qa5 20. Re2 Qxa2 21. Rhe1 Bd5 22. g5 c4 23. Qh3 c3 0-1

[Event "OP-2016-0-04131"]
[Site "LSS email"]
[Date "2016.08.19"]
[Round "?"]
[White "Andreev, Vlad"]
[Black "Garcia, Javier"]
[Result "1-0"]
[WhiteElo "2060"]
[BlackElo "781"]
[PlyCount "43"]
[EventDate "2016.08.14"]
[EventType "tourn (corr)"]
[EventRounds "4"]
[EventCountry "GER"]
[SourceTitle "Corr 2022"]
[Source "ChessBase"]
[SourceDate "2021.10.24"]
[SourceVersion "1"]
[SourceVersionDate "2021.10.24"]
[SourceQuality "1"]

1. d4 Nf6 2. Nf3 e6 3. c4 Bb4+ 4. Bd2 Bxd2+ 5. Qxd2 Nc6 6. Nc3 0-0 7. e4 b6 8. d5 exd5 9. cxd5 Ne7 10. e5 Ne8 11. Bd3 Ng6 12. 0-0 Bb7 13. Ng5 h6 14. Nxf7 Kxf7 15. f4 Nh4 16. g3 Ng6 17. Qe2 Ne7 18. Qe4 Bxd5 19. Nxd5 Nxd5 20. Qxd5+ Ke7 21. f5 c6 22. f6+ 1-0

[Event "OP-2016-0-04098"]
[Site "LSS email"]
[Date "2016.07.17"]
[Round "?"]
[White "Andreev, Vlad"]
[Black "Palla, Vit"]
[Result "1-0"]
[WhiteElo "2060"]
[BlackElo "1086"]
[PlyCount "65"]
[EventDate "2016.07.09"]
[EventType "tourn (corr)"]
[EventRounds "4"]
[EventCountry "GER"]
[SourceTitle "Corr 2022"]
[Source "ChessBase"]
[SourceDate "2021.10.24"]
[SourceVersion "1"]
[SourceVersionDate "2021.10.24"]
[SourceQuality "1"]

1. d4 Nf6 2. c4 g6 3. Nf3 Bg7 4. Nc3 d5 5. Qb3 dxc4 6. Qxc4 Be6 7. Qb5+ Nc6 8. e4 Bd7 9. Qb3 a5 10. d5 Nb4 11. e5 Ng4 12. a3 Na6 13. Bf4 0-0 14. Be2 Nc5 15. Qc4 b6 16. h3 Nh6 17. 0-0 a4 18. Rad1 Qc8 19. Bxh6 Bxh6 20. Qh4 Bg7 21. e6 fxe6 22. dxe6 Bc6 23. Ng5 h5 24. Bxh5 gxh5 25. Qxh5 Rf6 26. Nd5 Bxd5 27. Qh7+ Kf8 28. Rxd5 Qe8 29. Rf5 Rd8 30. Re1 Rd3 31. Ree5 Rxf5 32. Rxf5+ Bf6 33. Qh8# 1-0

[Event "Wuerttemberg-ch KT"]
[Site "Stuttgart"]
[Date "2015.09.06"]
[Round "9"]
[White "Andreev, Vlad"]
[Black "Schuster, Gerhard"]
[Result "1-0"]
[WhiteElo "2046"]
[BlackElo "2011"]
[PlyCount "107"]
[EventDate "2015.08.29"]
[EventType "swiss"]
[EventRounds "9"]
[EventCountry "GER"]
[SourceTitle "EXT 2017"]
[Source "ChessBase"]
[SourceDate "2016.10.25"]
[SourceVersion "1"]
[SourceVersionDate "2016.10.25"]
[SourceQuality "1"]

1. d4 Nf6 2. c4 e6 3. Nc3 Bb4 4. g3 c5 5. Nf3 cxd4 6. Nxd4 0-0 7. Bg2 d5 8. 0-0 dxc4 9. Qa4 Qa5 10. Qxa5 Bxa5 11. Ndb5 Rd8 12. Bg5 Nc6 13. Ne4 h6 14. Nxf6+ Kh8 15. Be3 gxf6 16. Bxh6 Bd2 17. Bxd2 Rxd2 18. Rfd1 Rxb2 19. Bxc6 bxc6 20. Rd8+ Kg7 21. Nd6 Rbb8 22. Ne8+ Kg6 23. Nc7 c3 24. Rdd1 Bb7 25. Rdc1 a5 26. Nxa8 Bxa8 27. Rab1 Rb5 28. Rxb5 cxb5 29. Rxc3 Bd5 30. Rc5 Bxa2 31. Rxb5 a4 32. Ra5 Bb3 33. f3 f5 34. Kf2 Kf6 35. e4 fxe4 36. fxe4 Kg6 37. g4 f6 38. h4 e5 39. Ra6 Kg7 40. g5 fxg5 41. hxg5 Bc2 42. Ke3 Kf7 43. Kd2 Bxe4 44. Rxa4 Bb1 45. Rb4 Ba2 46. Rb6 Be6 47. Ke3 Bd5 48. Rf6+ Ke7 49. Rf2 e4 50. g6 Ke8 51. g7 Bf7 52. Kxe4 Ke7 53. Ke5 Ke8 54. Kd6 1-0